| 000 | 01531 a2200229 4500 | ||
|---|---|---|---|
| 001 | 40587 | ||
| 005 | 20260407155701.0 | ||
| 008 | 260407a2015 arg spa d | ||
| 003 | AR-UNSa-BCEJYS | ||
| 040 |
_aAR-UNSa-BCEJYS _bspa _cAR-UNSa-BCEJYS |
||
| 080 |
_a342.9 _xDerecho Administrativo |
||
| 245 | 1 | 0 | _aDerecho administrativo |
| 250 | _a13a. ed. | ||
| 264 | 1 |
_aBuenos Aires : _bCiudad Argentina _c2015 |
|
| 300 |
_a2v. (1072; 1049 p.) _c24 cm. |
||
| 505 | _aVol. I: 1. Derecho y sociedad - 2. Constitución y estado - 3. Libertad y autoridad - 4. Administración y derecho - 5. Derecho administrativo - 6. Acto administrativo - 7. Hecho administrativo - 8. Reglamento administrativo - 9. Actuación interadministrativa - 10. Contrato administrativo - 11. Tipos de contratos administrativos - 12. Situación y regulación administrativas - 13. Organización administrativa - 14. Derecho y economía en la integración regional -- Vol. II: 15. Servicio público - 16. Derechos reales administrativos - 17. Policía y poder de policía - 18. Policía de la propiedad - 19. Acción económica de la administración - 20. Fiscalización administrativa - 21. Responsabilidad estatal - 22. Procedimiento administrativo - 23. Proceso administrativo - 24. El derecho administrativo y el Nuevo Código Civil | ||
| 041 | _aspa | ||
| 942 | _cBK | ||
| 590 | _aniveau_biblio:m niveau_hierar:0 | ||
| 100 | 1 | _aDromi, José Roberto | |
| 856 | 4 | 1 |
_uhttps://biblioeco.unsa.edu.ar/pmb/images/libros/L126173.jpg _yImagen de portada _qimage/jpeg |
| 999 |
_c3253 _d3253 |
||